书目信息 |
| 题名: |
转调法
|
|
| 作者: | 黄虎威 著 | |
| 分册: | ||
| 出版信息: | 北京 人民音乐出版社 1983 |
|
| 页数: | 179页 | |
| 开本: | 20cm | |
| 丛书名: | ||
| 单 册: | ||
| 中图分类: | J614.5 | |
| 科图分类: | ||
| 主题词: | 转调 , 音乐--技术--方法 | |
| 电子资源: | ||
| ISBN: | 7-103-00216-9 | |
| 000 | 00555nam0 2200205 45 | |
| 001 | 0206110903 | |
| 005 | 20031219104056.4 | |
| 010 | @a7-103-00216-9@dCNY10.10 | |
| 100 | @a20020611e20011983km y0chiy0120 ea | |
| 101 | 0 | @achi |
| 105 | @a z 000yy | |
| 200 | 1 | @a转调法@AZhuan Tiao Fa@f黄虎威著@FHuang Hu Wei Zhu |
| 210 | @a北京@c人民音乐出版社@d1983@h2001.3重印 | |
| 215 | @a179页@d20cm | |
| 606 | 0 | @a转调 |
| 606 | 0 | @a音乐@x技术@x方法 |
| 690 | @aJ614.5@v4 | |
| 701 | 0 | @a黄虎威@4著 |
| 801 | @aCN@bTSTC@c20020611 | |
| 905 | @b311748-754@dJ614.5@e200@f7 | |
| 转调法/黄虎威著.-北京:人民音乐出版社,1983(2001.3重印) |
| 179页;20cm |
| ISBN 7-103-00216-9:CNY10.10 |
| ● |
| 相关链接 |
|
|
|
|
正题名:转调法
索取号:J614.5/200
 
预约/预借
| 序号 | 登录号 | 条形码 | 馆藏地/架位号 | 状态 | 备注 |
| 1 | 0311748 | 203117484 | 第一借阅区/ [索取号:J614.5/200] | 在馆 | |
| 2 | 0311749 | 203117493 | 第一借阅区/ [索取号:J614.5/200] | 在馆 | |
| 3 | 0311750 | 203117509 | 第一借阅区/ [索取号:J614.5/200] | 在馆 | |
| 4 | 0311751 | 203117518 | 第一借阅区/ [索取号:J614.5/200] | 在馆 | |
| 5 | 0311752 | 203117527 | 第一借阅区/ [索取号:J614.5/200] | 在馆 | |
| 6 | 0311753 | 203117536 | 第一借阅区/ [索取号:J614.5/200] | 在馆 | |
| 7 | 0311754 | 203117545 | 第一样本阅览室/ [索取号:J614.5/200] | 在馆 |